Anatomy of a Washing Machine - Statistics

General Stats
  • This quiz has been taken 12 times
  • The average score is 1 of 5
Answers on the Map
Answers color-coded by a green-red scale on the quiz's map according to % correct below.
 
Answer Stats
Answer % Correct
Door
80%
Cabinet
20%
Drain system
20%
Outer Tub
20%
Inner Drum
0%
No matching quizzes found
Score Distribution
Percent of People with Each Score
Percentile by Number Answered
Your Score History
You have not taken this quiz